[Event "SIO"]
[Site "Twin Falls, ID"]
[Date "2009.11.14"]
[Round "2.11"]
[White "Bruess, Shane Anthony"]
[Black "Lang, Jamie"]
[Result "0-1"]
[WhiteElo "825"]
[BlackElo "1221"]

1. c4 Nc6 2. e4 e5 3. d3 Bb4+ 4. Bd2 Nf6 5. Bxb4 Nxb4 6. Nf3 d6 7. Nc3 Bg4 8.
Nd5 Nbxd5 9. cxd5 O-O 10. h3 Bh5 11. g4 Bg6 12. Ng5 Nxd5 13. exd5 Qxg5 14. Qa4
Qe7 15. O-O-O f6 16. d4 Be4 17. Rg1 Bxd5 18. Bc4 Bxc4 19. Qxc4+ Qf7 20. d5
Rac8 21. f4 c6 22. Kb1 Kh8 23. fxe5 cxd5 24. Qxd5 dxe5 25. Qxf7 Rxf7 26. Rd2
Rcf8 27. Rgd1 h6 28. h4 b5 29. h5 f5 30. gxf5 Rxf5 31. Rd5 e4 32. Rxf5 Rxf5
33. Rd8+ Kh7 34. Re8 Rxh5 35. Rxe4 a5 36. a3 a4 37. b4 axb3 38. a4 bxa4 39.
Rxa4 Rh3 40. Kb2 h5 41. Ka3 Kh6 42. Ra6+ g6 43. Ra4 h4 44. Rxh4+ Rxh4 45. Kxb3
Rd4 46. Kc3 Rd8 47. Kc4 g5 48. Kc3 g4 49. Kc2 g3 50. Kc1 g2 51. Kc2 g1=Q 52.
Kc3 Qd4+ 53. Kc2 Qd3+ 54. Kc1 Qc4+ 55. Kb2 Rb8+ 56. Ka3 Qa6# 0-1

[Event "SIO"]
[Site "Twin Falls, ID"]
[Date "2009.11.15"]
[Round "4.11"]
[White "Simonson, Jay L"]
[Black "Lang, Jamie"]
[Result "0-1"]
[WhiteElo "621"]
[BlackElo "1221"]

1. e4 e5 2. Nf3 Nc6 3. Bc4 h6 4. Nc3 d6 5. d4 Bg4 6. dxe5 Nxe5 7. Qd5 c6 8.
Qd4 Bxf3 9. Bf4 Bxg2 10. Rg1 Nf3+ 11. Kd1 Nxd4 12. Rxg2 Nf6 13. Be3 Nf3 14.
Be2 Ne5 15. Kd2 d5 16. Rd1 Nxe4+ 17. Nxe4 dxe4+ 18. Kc1 Qa5 19. a3 Rd8 20. Bd2
Qa4 21. Rg3 Nc4 22. Bxc4 Qxc4 23. Rb3 b6 24. h3 Bc5 25. f4 O-O 26. h4 Rd3 27.
Bc3 Rxd1+ 28. Kxd1 Rd8+ 29. Bd2 Qf1# 0-1

[Event "Idaho Open"]
[Site "Pocatello, ID"]
[Date "2010.05.02"]
[Round "4.5"]
[White "Abderhalden, Richard Robert"]
[Black "Lang, Jamie"]
[Result "1/2-1/2"]
[WhiteElo "1487"]
[BlackElo "1359"]

1. e4 e5 2. Nf3 Nc6 3. c3 Nf6 4. d4 d6 5. Bg5 Be7 6. Nbd2 Bg4 7. Bd3 exd4 8.
cxd4 Nxd4 9. Qa4+ Nc6 10. Nd4 Bd7 11. Nxc6 Bxc6 12. Qc2 O-O 13. O-O g6 14.
Rfc1 Rc8 15. b4 Re8 16. Be3 Ra8 17. b5 Bd7 18. Qxc7 Qxc7 19. Rxc7 b6 20. f3
Bd8 21. Rc2 d5 22. Rac1 dxe4 23. Nxe4 Nd5 24. Bd2 Be7 25. a4 Ba3 26. Ra1 Be7
27. Rac1 Ba3 {#d} 1/2-1/2

[Event "Idaho Open"]
[Site "Pocatello, ID"]
[Date "2010.05.02"]
[Round "5.5"]
[White "Lang, Jamie"]
[Black "Finch, Douglas W"]
[Result "0-1"]
[WhiteElo "1359"]
[BlackElo "1373"]

1. e4 c5 2. Nf3 d6 3. d4 cxd4 4. Nxd4 a6 5. Nc3 e5 6. Nf3 Nf6 7. Bc4 Nc6 8.
O-O b5 9. Bb3 Na5 10. Bd5 Nxd5 11. Nxd5 Be6 12. Ng5 Nb7 13. Re1 h6 14. Nxe6
fxe6 15. Qh5+ Kd7 16. Qf7+ Be7 17. Nxe7 Qxe7 18. Qxe7+ Kxe7 19. b3 g5 20. Ba3
Rac8 21. Rac1 Rc6 22. Re3 Rhc8 23. c3 a5 24. Rh3 Rh8 25. g4 Nc5 26. Rc2 Nxe4
27. Bc1 Kf6 28. f3 Rxc3 29. Bxg5+ Kxg5 30. f4+ exf4 31. Rhxc3 Nxc3 32. Rxc3 e5
33. h3 Re8 34. Rd3 e4 35. Rxd6 Re5 36. Kf2 Rc5 37. Ke1 h5 38. gxh5 Kxh5 39.
Rd4 Re5 40. Kf2 e3+ 41. Ke2 f3+ 42. Kxf3 e2 43. Rd8 e1=Q 44. Rh8+ Kg6 {#R} 0-1

[Event "SIO (Reserve)"]
[Site "Twin Falls, ID"]
[Date "2010.11.13"]
[Round "1.1"]
[White "Lang, Jamie"]
[Black "Patterson, Katie Rae"]
[Result "1-0"]
[WhiteElo "1376"]
[BlackElo "956"]

1. e4 e5 2. d4 exd4 3. c3 dxc3 4. Bc4 Nc6 5. Nf3 Bc5 6. Bxf7+ Kxf7 7. Qd5+ Ke8
8. Qxc5 cxb2 9. Bxb2 Nf6 10. Nbd2 d6 11. Qg5 Qe7 12. O-O h6 13. Bxf6 gxf6 14.
Qb5 Rb8 15. Nd4 Bd7 16. Nf5 Ne5 17. Qa5 Nc6 18. Qxc7 Bxf5 19. Qxe7+ Nxe7 20.
exf5 Nxf5 21. Ne4 Ke7 22. Rfe1 Kf7 23. g4 Rhg8 24. f3 d5 25. Nc3 d4 26. Nb5 a6
27. Nc7 d3 28. Kf2 Nd4 29. Red1 Nc2 30. Rab1 Rgd8 31. Rb3 d2 32. Rb2 Na1 33.
Ke2 Rbc8 34. Rxb7 Nc2 35. Nxa6+ Ke6 36. Rxd2 Rxd2+ 37. Kxd2 Rc6 38. Nc7+ Ke5
39. Rb5+ Kd6 40. Ne8+ Ke7 41. Ng7 Na3 42. Nf5+ Ke6 43. Nd4+ Kd6 44. Nxc6 Nxb5
45. Nb4 Nd4 46. Ke3 Ne6 47. a4 Kc7 48. a5 Kb7 49. Ke4 Nc5+ 50. Kf5 Nb3 51. a6+
Ka7 52. Kxf6 Nc5 53. Kg6 Nxa6 54. Nxa6 Kxa6 55. Kxh6 Kb6 56. h4 Kc6 57. h5 Kd6
58. Kg6 Ke7 59. Kg7 Ke6 60. h6 Ke5 61. h7 Kf4 62. h8=Q Kxf3 63. Qf8+ Kg3 64.
Qa3+ Kxg4 65. Qe3 Kh4 66. Qe5 Kg4 67. Kg6 Kf3 68. Qd4 Kg2 69. Qe3 Kf1 70. Qd2
Kg1 71. Qe2 Kh1 72. Kg5 Kg1 73. Kg4 Kh1 74. Kg3 Kg1 75. Qg2# 1-0

[Event "SIO (Reserve)"]
[Site "Twin Falls, ID"]
[Date "2010.11.13"]
[Round "2.1"]
[White "Patterson, Kevin R"]
[Black "Lang, Jamie"]
[Result "1-0"]
[WhiteElo "1243"]
[BlackElo "1376"]

1. e4 e5 2. Nf3 Nc6 3. Bc4 Nf6 4. Nc3 Bc5 5. Nd5 Nxe4 6. O-O d6 7. d3 Nf6 8.
Be3 Nxd5 9. Bxd5 Bxe3 10. fxe3 O-O 11. Qe1 Ne7 12. Bb3 Be6 13. Bxe6 fxe6 14.
e4 Ng6 15. g3 d5 16. Rd1 c6 17. Qc3 Qc7 18. Qd2 Qb6+ 19. Kg2 Qxb2 20. Rb1 Qxa2
21. Rxb7 a5 22. Qc3 dxe4 23. dxe4 Qa4 24. Re1 Rfb8 25. Rxb8+ Rxb8 26. Nxe5
Nxe5 27. Qxe5 Qxc2+ 28. Kh3 Re8 29. Qxa5 c5 30. Qc7 c4 31. Qd7 Rf8 32. Qxe6+
Kh8 33. Rf1 Ra8 34. Qf7 Qxe4 35. Rf4 Qd3 36. Rxc4 Qxc4 37. Qxc4 Rg8 38. Kg2 h6
39. Kf3 Kh7 40. h4 Kh8 41. g4 Kh7 42. Qe4+ Kh8 43. g5 h5 44. Qg6 Rb8 {(Time
Forfeit)} {#r} 1-0

[Event "SIO (Reserve)"]
[Site "Twin Falls, ID"]
[Date "2010.11.13"]
[Round "3.2"]
[White "Lang, Jamie"]
[Black "Bruck, Nick Jon"]
[Result "0-1"]
[WhiteElo "1376"]
[BlackElo "1097"]

1. e4 d5 2. e5 e6 3. d4 f6 4. Nf3 fxe5 5. dxe5 Nc6 6. Bb5 Bd7 7. Bxc6 Bxc6 8.
O-O Qd7 9. Bg5 Be7 10. Qd2 O-O-O 11. Bxe7 Nxe7 12. Rd1 h6 13. Nc3 g5 14. Qd4
b6 15. Qg4 Ng6 16. Ne4 Qe7 17. Nf6 Bb7 18. Nh5 Rhf8 19. Rd4 c5 20. Rd3 Nf4 21.
Nxf4 Rxf4 22. Qg3 d4 23. Rad1 h5 24. Qxg5 Qxg5 25. Nxg5 Rg4 26. Nxe6 Rxg2+ 27.
Kf1 Re8 28. Nf4 Rxh2 29. e6 {(Time Forfeit)} {#R} 0-1

[Event "Lang Invitational #2"]
[Site "Meridian, ID"]
[Date "2011.02.05"]
[Round "1.1"]
[White "Lang, Jamie"]
[Black "Patterson, Kevin R"]
[Result "1-0"]
[WhiteElo "1337"]
[BlackElo "1247"]

{Game/30} 1. e4 e6 2. d4 d5 3. Nc3 c5 4. exd5 exd5 5. dxc5 Bxc5 6. Qxd5 Qxd5
7. Nxd5 Bd6 8. Bb5+ Bd7 9. Bxd7+ Nxd7 10. Nf3 Ngf6 11. Nxf6+ Nxf6 12. Bg5 Ne4
13. O-O O-O 14. Rfe1 Nxg5 15. Nxg5 Rfe8 16. Ne4 Be7 17. Re2 Kf8 18. Rae1 b6
19. a3 f5 20. Nc3 Bf6 21. Rxe8+ Rxe8 22. Rxe8+ Kxe8 23. Nd1 Kd7 24. Kf1 Kd6
25. c3 g6 26. Ke2 Be5 27. g3 a5 28. f4 Bf6 29. Ne3 b5 30. Kd3 Kc5 31. b3 Be7
32. b4+ axb4 33. axb4+ Kc6 34. Nc2 Kd5 35. Nd4 Kd6 36. Nxb5+ Kc6 37. Nd4+ Kb6
38. Kc4 Bf6 39. Kd5 Bg7 40. c4 {#r} 1-0

[Event "Lang Invitational #4"]
[Site "Meridian, ID"]
[Date "2011.04.30"]
[Round "2.3"]
[White "Patterson, Kevin R"]
[Black "Lang, Jamie"]
[Result "0-1"]
[WhiteElo "1243"]
[BlackElo "1337"]

1. e4 e5 2. Nf3 Nc6 3. Bc4 d6 4. d3 Bg4 5. Be3 Nf6 6. Nbd2 Be7 7. Bxf7+ Kxf7
8. h3 Bxf3 9. Nxf3 Rf8 10. Ng5+ Kg8 11. Ne6 Qd7 12. Nxf8 Rxf8 13. Qd2 d5 14.
f3 dxe4 15. fxe4 Bb4 16. c3 Ba5 17. O-O Ne7 18. Rf2 Bb6 19. Bxb6 axb6 20. Raf1
Rd8 21. Rf3 Nxe4 22. Qe2 Ng5 23. Rg3 Nf7 24. Kh1 Nf5 25. Rgf3 N5d6 26. R1f2
Re8 27. Qf1 c5 28. Rxf7 Nxf7 {#R} 0-1

[Event "ICA Players Mem-Res."]
[Site "Boise, ID"]
[Date "2011.05.14"]
[Round "2.3"]
[White "Finch, Douglas W"]
[Black "Lang, Jamie"]
[Result "1-0"]
[WhiteElo "1371"]
[BlackElo "1337"]

1. d4 d5 2. Nf3 Nf6 3. Bf4 Nc6 4. Nbd2 e6 5. a3 Bd6 6. Bxd6 Qxd6 7. e3 Bd7 8.
c4 O-O 9. cxd5 exd5 10. Bd3 Bg4 11. Qc2 h6 12. h3 Bxf3 13. gxf3 Kh8 14. O-O-O
Ne7 15. Kb1 b6 16. Nb3 a5 17. e4 Qc6 18. Qd2 dxe4 19. fxe4 Ng6 20. Qe3 Rfe8
21. f3 Re7 22. h4 h5 23. Rc1 Qe8 24. Bc4 c6 25. Nd2 b5 26. Bb3 a4 27. Bc2 Nd5
28. Qf2 Ndf4 29. Rcg1 Re6 30. e5 Qe7 31. Ne4 c5 32. Nxc5 Rc6 33. Be4 {#r} 1-0

[Event "ICA Players Mem-Res."]
[Site "Boise, ID"]
[Date "2011.05.14"]
[Round "3.3"]
[White "Lang, Jamie"]
[Black "Patterson, Kevin R"]
[Result "1-0"]
[WhiteElo "1337"]
[BlackElo "1243"]

1. e4 c6 2. d4 d5 3. Nc3 dxe4 4. Nxe4 Bf5 5. Ng3 Bg6 6. h4 h6 7. h5 Bh7 8. Nf3
Nd7 9. Bc4 e6 10. O-O Bd6 11. Ne2 Ne7 12. Bf4 Nb6 13. Bd3 Nf5 14. Bxd6 Qxd6
15. c4 Qd8 16. Qc2 Nd7 17. Nf4 Nf6 18. Rad1 O-O 19. Rfe1 Qc7 20. g3 Rad8 21.
Bxf5 Bxf5 22. Qc1 Bg4 23. Kg2 Nxh5 24. Nxh5 Bxh5 25. Rd2 Qe7 26. d5 Qf6 27.
Nh2 cxd5 28. cxd5 Rxd5 29. Rxd5 exd5 30. b3 Qc6 31. Qxc6 bxc6 32. Rc1 Rc8 33.
b4 Bg6 34. Nf1 f6 35. Ne3 Bf7 36. a3 a6 37. Nf5 Be6 38. Ne7+ {#r} 1-0

[Event "Winter Warmup Invitational"]
[Site "Meridian, ID"]
[Date "2012.01.21"]
[Round "2.8"]
[White "Patterson, Kevin R"]
[Black "Lang, Jamie"]
[Result "1-0"]
[WhiteElo "1176"]
[BlackElo "1342"]

1. e4 e5 2. Nf3 Nc6 3. Bc4 d6 4. Nc3 Bg4 5. d3 Be7 6. Nd5 Na5 7. Nxe7 Qxe7 8.
Bb5+ c6 9. Ba4 b5 10. Bd2 Qc7 11. Bb3 Nxb3 12. axb3 Nf6 13. Bg5 Nd7 14. Be3
O-O 15. O-O d5 16. b4 d4 17. Bd2 f5 18. c3 fxe4 19. dxe4 Bxf3 20. gxf3 c5 21.
Kh1 c4 22. Rg1 Nf6 23. Bh6 Rf7 24. cxd4 Kh8 25. Bg5 Nd7 26. dxe5 Nxe5 27. Qd5
Nxf3 28. Qxa8+ {#r} 1-0

[Event "Winter Warmup Invitational"]
[Site "Meridian, ID"]
[Date "2012.01.21"]
[Round "3.8"]
[White "Lang, Jamie"]
[Black "Patterson, Katie Rae"]
[Result "1-0"]
[WhiteElo "1342"]
[BlackElo "906"]

1. e4 e5 2. d4 exd4 3. c3 Nf6 4. e5 Nd5 5. Qf3 c6 6. Bc4 Be7 7. Bxd5 cxd5 8.
cxd4 O-O 9. Qxd5 Nc6 10. Nf3 Nb4 11. Qe4 d5 12. Qe2 Bf5 13. Na3 Bd3 14. Qd1
Qa5 15. Bd2 Rac8 16. Rc1 Rxc1 17. Qxc1 Be4 18. O-O Bxf3 19. gxf3 Qb6 20. Bxb4
Bxb4 21. Nc2 Qg6+ 22. Kh1 Ba5 23. Ne3 Rd8 24. Rg1 Qh5 25. Ng4 Bb6 26. Nf6+ Kh8
27. Nxh5 Bxd4 28. Qc7 Rg8 29. Qxf7 Bxe5 30. Re1 Bxb2 31. Re8 Rxe8 32. Qxe8#
1-0

[Event "ICA Players Mem-Res."]
[Site "Boise, ID"]
[Date "2012.05.20"]
[Round "5.1"]
[White "Patterson, Kevin R"]
[Black "Lang, Jamie"]
[Result "1/2-1/2"]
[WhiteElo "1281"]
[BlackElo "1343"]

1. e4 e5 2. Nc3 Nf6 3. g3 d5 4. Nxd5 Nxd5 5. exd5 Qxd5 6. f3 Bc5 7. c4 Qd4 8.
Qe2 Nc6 9. Qe3 Nb4 10. Qxd4 Bxd4 11. Kd1 Bf5 12. a3 Nd3 13. Bxd3 Bxd3 14. Ne2
Bxc4 15. Nxd4 exd4 16. Re1+ Be6 17. b4 O-O-O 18. Bb2 Rd6 19. d3 Rhd8 20. Kd2
Bb3 21. Rac1 Rh6 22. h4 g5 23. Re4 gxh4 24. gxh4 Rhd6 25. Re7 c6 26. Re4 Be6
27. Rg1 Bf5 28. Rf4 Bg6 29. Rg5 f6 30. Rgg4 Bh5 31. Rg1 Bg6 32. Rfg4 b6 33.
Rc1 Kb7 34. Rc4 f5 35. Rgxd4 Rxd4 36. Rxd4 Rxd4 37. Bxd4 Kc8 38. f4 Kd7 39.
Be5 c5 40. bxc5 bxc5 41. Kc3 Kc6 42. d4 cxd4+ 43. Bxd4 a6 44. Be5 Kd5 45. Kd3
Be8 46. Ke3 Bb5 47. Kf3 Be8 {#d} 1/2-1/2

[Event "WIO (Reserve)"]
[Site "Boise, ID"]
[Date "2012.12.08"]
[Round "2.2"]
[White "Lang, Jamie"]
[Black "Patterson, Kevin R"]
[Result "1/2-1/2"]
[WhiteElo "1355"]
[BlackElo "1225"]

1. e4 c6 2. Nc3 d5 3. exd5 cxd5 4. Bb5+ Bd7 5. Bxd7+ Qxd7 6. d4 Nc6 7. Nf3 Nf6
8. O-O g6 9. Bf4 Bg7 10. Ne5 Nxe5 11. dxe5 Nh5 12. Qf3 Nxf4 13. Qxf4 e6 14.
Rad1 O-O 15. Ne4 Qc7 16. Nf6+ Bxf6 17. Qxf6 Qxc2 18. Rb1 Qc7 19. Rbc1 Qd8 20.
Qxd8 Rfxd8 21. Rc7 b6 22. Rfc1 d4 {#d} 1/2-1/2

[Event "ICA PM (Reserve)"]
[Site "Boise, ID"]
[Date "2013.09.21"]
[Round "1.1"]
[White "Lang, Jamie"]
[Black "Blake, Isaac RR"]
[Result "1-0"]
[WhiteElo "1380"]
[BlackElo "871"]
[EventRounds "5"]
[EventCountry "USA"]

1. e4 c6 2. d4 d5 3. exd5 cxd5 4. Bb5+ Bd7 5. Bxd7+ Nxd7 6. Nc3 Ngf6 7. Nf3 e6
8. O-O Bb4 9. Bd2 Bxc3 10. Bxc3 O-O 11. Qd3 Re8 12. Ne5 Ne4 13. Bb4 Nxe5 14.
dxe5 a5 15. Ba3 Qc7 16. f3 Nc5 17. Bxc5 Qxc5+ 18. Kh1 Rad8 19. Rad1 d4 20. f4
g6 21. Rf3 Qb4 22. Qb3 Qxb3 23. Rxb3 Re7 24. Rbd3 Rc7 25. c3 b5 26. Rxd4 Rxd4
27. Rxd4 Rc4 28. Rxc4 bxc4 29. Kg1 Kf8 30. Kf2 Ke7 31. Ke3 f6 32. exf6+ Kxf6
33. Kd4 g5 34. fxg5+ Kxg5 35. Ke5 h5 36. Kxe6 h4 {#r} 1-0

[Event "ICA PM (Reserve)"]
[Site "Boise, ID"]
[Date "2013.09.21"]
[Round "2.1"]
[White "Roberts, Zane A"]
[Black "Lang, Jamie"]
[Result "0-1"]
[WhiteElo "1237"]
[BlackElo "1380"]
[EventRounds "5"]
[EventCountry "USA"]

1. f4 d5 2. Nf3 Nc6 3. g3 Nf6 4. Bg2 e6 5. O-O Bc5+ 6. e3 d4 7. Kh1 dxe3 8.
dxe3 Qxd1 9. Rxd1 Ng4 10. Re1 O-O 11. Nc3 Nb4 12. Re2 Nd5 13. Nxd5 exd5 14. h3
Nf6 15. Bd2 Ne4 16. Rae1 Nxg3+ 17. Kh2 Nxe2 18. Rxe2 Bf5 19. Ne5 c6 20. Bc3 f6
21. Nd3 Bd6 22. Bf1 Rfe8 23. Rg2 Kf7 24. Rg3 Bxd3 25. Bxd3 Rxe3 26. Rg4 Rf3
27. Bd2 Rf2+ 28. Rg2 Bxf4+ 29. Bxf4 Rxf4 30. Kg3 Rb4 31. b3 g6 32. c4 dxc4 33.
Bxc4+ Kg7 34. Re2 b5 35. Bd3 Rd4 36. Re7+ Kh6 37. Be4 Rd6 38. h4 f5 39. Bf3 a5
40. Re3 Rad8 41. Be2 Rd2 42. a3 Rb2 43. Kf3 Rdd2 44. a4 bxa4 45. bxa4 Ra2 46.
Re6 Rxa4 47. h5 Ra3+ 48. Kf2 Rxe2+ 49. Kxe2 Kxh5 50. Rxc6 a4 51. Rc7 h6 52.
Rc4 Ra1 53. Kd2 a3 54. Ra4 a2 55. Kc2 Kg5 56. Kb2 Rh1 57. Kxa2 f4 58. Ra3 Re1
59. Rh3 Re3 60. Rxe3 fxe3 61. Kb3 e2 62. Kc3 e1=Q+ 63. Kd4 Qe2 64. Kd5 Qe3 65.
Kc4 Qd2 66. Kc5 Qd3 67. Kc6 Qd4 68. Kb5 Qc3 69. Kb6 Qc4 70. Kb7 Qc5 71. Ka6
Qb4 72. Ka7 Qb5 73. Ka8 Kf6 74. Ka7 Ke7 75. Ka8 Kd7 76. Ka7 Kc7 {#R} 0-1

[Event "ICA PM (Reserve)"]
[Site "Boise, ID"]
[Date "2013.09.22"]
[Round "5.2"]
[White "Knoll, Lucas"]
[Black "Lang, Jamie"]
[Result "0-1"]
[WhiteElo "1183"]
[BlackElo "1380"]
[EventRounds "5"]
[EventCountry "USA"]

1. e4 e5 2. Nf3 Nc6 3. Bc4 Bc5 4. d3 Nf6 5. Nc3 d6 6. O-O Bg4 7. h3 Bxf3 8.
Qxf3 Nd4 9. Qd1 O-O 10. Be3 c6 11. Bxd4 Bxd4 12. Ne2 Bxb2 13. Rb1 Bd4 14. Rxb7
Rb8 15. Rxa7 Bxa7 16. d4 Nxe4 17. c3 exd4 18. Nxd4 Bxd4 19. Qxd4 d5 20. Bd3
Qf6 21. Bxe4 Qxd4 22. cxd4 dxe4 23. Re1 f5 24. Rc1 Rfd8 25. Rc4 Rb1+ 26. Kh2
Rb2 27. a4 Rxf2 28. Rxc6 Rxd4 29. Rc1 Rxa4 30. Rc8+ Kf7 31. Rc7+ Kg6 32. Rc6+
Kh5 33. Rc7 Kh6 34. Rc6+ g6 35. Rc1 e3 36. Re1 Re4 37. h4 e2 38. h5 Rf1 39. g4
Rxe1 40. g5+ Kxg5 41. h6 Rf1 42. Kh3 Rg1 {#R} 0-1

[Event "WIO (Open)"]
[Site "Boise, ID"]
[Date "2013.12.14"]
[Round "2.2"]
[White "Lang, Jamie"]
[Black "Gorman, Cody"]
[Result "0-1"]
[WhiteElo "1379"]
[BlackElo "1770"]
[EventRounds "5"]
[EventCountry "USA"]

1. e4 b6 2. d4 Bb7 3. Nc3 e6 4. Bd3 c5 5. d5 Nf6 6. dxe6 dxe6 7. Bb5+ Nc6 8.
Bg5 Be7 9. e5 Nd7 10. Bxe7 Qxe7 11. Qd6 Qxd6 12. exd6 Nd4 13. Kf1 Nxc2 14. Rc1
Nd4 15. Nge2 Nxe2 16. Nxe2 a6 17. Bxd7+ Kxd7 18. Rd1 Bd5 19. Nc3 Kc6 20. f3
Rad8 21. Kf2 Rxd6 22. Ne4 Bxe4 23. Rxd6+ Kxd6 24. fxe4 Rd8 25. Rd1+ Ke7 26.
Rxd8 Kxd8 27. Ke3 Kd7 28. g4 g5 29. h3 Kd6 30. Kd3 Ke5 31. Ke3 c4 32. a3 b5
{#R} 0-1

[Event "WIO (Open)"]
[Site "Boise, ID"]
[Date "2013.12.14"]
[Round "3.3"]
[White "Lang, Jamie"]
[Black "Sanderson, Kenneth"]
[Result "0-1"]
[WhiteElo "1379"]
[BlackElo "1581"]
[EventRounds "5"]
[EventCountry "USA"]

1. e4 c5 2. Nf3 d6 3. d4 cxd4 4. Nxd4 Nf6 5. Nc3 a6 6. Bg5 e6 7. Bd3 Nbd7 8.
O-O Be7 9. Nf3 h6 10. Bd2 Qc7 11. Qe2 Nc5 12. e5 dxe5 13. Nxe5 Bd6 14. Nf3
Nxd3 15. cxd3 Bd7 16. h3 Rd8 17. Rfe1 O-O 18. Rac1 Qb8 19. Ne4 Nxe4 20. dxe4
Bf4 21. Rc2 Bb5 22. Bxf4 Qxf4 23. Qe3 Qxe3 24. Rxe3 Rd1+ 25. Kh2 Rfd8 26. b3
f6 27. a4 Bc6 28. Rce2 R8d3 29. h4 a5 30. Kg3 e5 31. Kh2 Bd7 32. Rxd3 Rxd3 33.
Re3 Rxe3 34. fxe3 Bc6 35. Nd2 b5 36. axb5 Bxb5 37. g3 Kf7 38. Kg2 Ke7 39. Kf2
Kd6 40. Ke1 Kc5 41. Kd1 Bd3 42. Kc1 h5 43. Kb2 Kb4 44. Kc1 Be2 45. Kb2 g5 46.
Nb1 Bd1 47. Nd2 g4 48. Ka2 Kc3 49. Nb1+ Kb4 50. Nd2 Bc2 51. Kb2 Bd3 52. Kc1
Kc3 53. Nc4 Bxc4 54. bxc4 Kxc4 55. Kb2 Kd3 {#R} 0-1

[Event "Mountain Home Open"]
[Site "Mountain Home, ID"]
[Date "2014.01.11"]
[Round "1.8"]
[White "Crowson, Keegan"]
[Black "Lang, Jamie"]
[Result "0-1"]
[WhiteElo "1000"]
[BlackElo "1494"]
[EventRounds "4"]
[EventCountry "USA"]

1. d4 Nf6 2. c4 e6 3. Nc3 Bb4 4. Bd2 b6 5. Nf3 Bb7 6. e3 Nc6 7. Be2 O-O 8. O-O
Na5 9. Ne4 Bxd2 10. Nxf6+ Qxf6 11. Qxd2 Bxf3 12. Bxf3 Nxc4 13. Qc2 d5 14. e4
Qg6 15. b3 Nd6 16. Rac1 dxe4 17. Be2 Rfd8 18. Rfe1 Rd7 19. Bb5 Nxb5 20. Qxe4
Qxe4 21. Rxe4 Nxd4 22. h3 c5 23. Rc3 Rad8 24. Rg3 Nf5 25. Rg5 h6 26. Rgg4 Rd4
27. f3 Rxe4 28. Rxe4 Rd2 29. g4 Nd4 30. Kf1 Rxa2 31. b4 Nxf3 32. Re2 Rxe2 33.
Kxe2 Ng1+ {#R} 0-1

[Event "Mountain Home Open"]
[Site "Mountain Home, ID"]
[Date "2014.01.11"]
[Round "2.4"]
[White "Lang, Jamie"]
[Black "Westcott, Thomas"]
[Result "1-0"]
[WhiteElo "1494"]
[BlackElo "1013"]
[EventRounds "4"]
[EventCountry "USA"]

1. e4 e5 2. Nf3 Nc6 3. Bb5 a6 4. Ba4 b5 5. Bb3 Bd6 6. d3 h6 7. Be3 Nf6 8. Nc3
Ng4 9. Bd2 Bc5 10. O-O Nd4 11. h3 Nxb3 12. axb3 Bb7 13. hxg4 Qf6 14. Be3 Bd4
15. Bxd4 exd4 16. Ne2 h5 17. g5 Qd6 18. Nexd4 Qf4 19. Qd2 Qxd2 20. Nxd2 c5 21.
Nf5 h4 22. Nd6+ Ke7 23. Nxb7 h3 24. g3 d6 25. Nf3 Ke6 26. Rfd1 Rh5 27. e5 d5
28. Nxc5+ Kf5 29. Rxa6 h2+ 30. Nxh2 Rah8 31. g4+ Kxg5 32. gxh5 Rxh5 33. e6 Kh4
34. e7 Kh3 35. e8=Q Rg5+ 36. Kf1 Kxh2 37. Qe5+ Kh3 38. Qxg5 d4 39. Qg3# 1-0

[Event "Idaho Closed"]
[Site "Twin Falls, ID"]
[Date "2014.02.15"]
[Round "1.9"]
[White "Simonson, Jay L"]
[Black "Lang, Jamie"]
[Result "0-1"]
[WhiteElo "710"]
[BlackElo "1470"]
[EventRounds "6"]
[EventCountry "USA"]

1. e4 e5 2. Bc4 Nf6 3. Nc3 Bb4 4. a3 Bxc3 5. dxc3 d6 6. Qe2 O-O 7. Nf3 Bg4 8.
Bg5 Nbd7 9. O-O-O h6 10. Bxf6 Nxf6 11. Rd3 a6 12. h3 Bh5 13. Rhd1 b5 14. Bd5
Bxf3 15. Qxf3 Rb8 16. Qg3 Rb6 17. c4 bxc4 18. Bxc4 Nxe4 19. Qf3 Nf6 20. Re3
Qb8 21. b3 a5 22. a4 c6 23. Rc3 d5 24. Be2 e4 25. Qg3 Qxg3 26. fxg3 Re8 27.
Kb2 Nd7 28. Bg4 Ne5 29. Be2 Rb7 30. Rc5 Ra7 31. h4 Rc8 32. g4 Ng6 33. g3 Ne5
34. g5 hxg5 35. hxg5 g6 36. Rh1 Nd7 37. Rc3 d4 38. Rc4 c5 39. Bg4 Rc6 40. c3
Ne5 41. Be2 Nxc4+ 42. Bxc4 Rd6 43. Re1 Re7 44. g4 d3 45. Rd1 d2 46. Kc2 e3 47.
Be2 Re5 48. b4 cxb4 49. cxb4 axb4 50. Kb2 Rc5 51. Bf1 Rdc6 52. Bb5 Rc7 53. Kb3
Rc1 54. Be2 Rxd1 55. Bxd1 Rc1 56. a5 Rxd1 57. a6 Ra1 {#R} 0-1

[Event "Idaho Closed"]
[Site "Twin Falls, ID"]
[Date "2014.02.16"]
[Round "3.6"]
[White "Lang, Jamie"]
[Black "Mabry, William B"]
[Result "1-0"]
[WhiteElo "1470"]
[BlackElo "1279"]
[EventRounds "6"]
[EventCountry "USA"]

1. e4 e6 2. Nc3 Bc5 3. d4 Bb6 4. Nf3 d5 5. exd5 exd5 6. Be2 Nf6 7. Bg5 Bf5 8.
O-O O-O 9. Bxf6 gxf6 10. Nh4 Bg6 11. f4 f5 12. g3 a6 13. Bf3 c6 14. Re1 Nd7
15. Bg2 Nf6 16. Bh3 Ng4 17. Bxg4 fxg4 18. Na4 f5 19. Nxg6 hxg6 20. Re6 Ba7 21.
Rxg6+ Kf7 22. Rg5 Qf6 23. c3 Rg8 24. Rxg8 Rxg8 25. b4 b5 26. Nb2 Qe6 27. Qe1
Qf6 28. Qe5 Bb8 29. Qxf6+ Kxf6 30. Nd3 Bd6 31. a4 Rb8 32. axb5 axb5 33. Ra6
Rc8 34. Ne5 Bxe5 35. fxe5+ Ke6 36. Kg2 Rc7 37. h3 gxh3+ 38. Kxh3 Rh7+ 39. Kg2
Rc7 40. Kf3 Kf7 41. Kf4 Ke6 42. Ra8 Rg7 43. Rd8 Rg4+ 44. Kf3 Rg6 45. Rd6+ Kf7
46. Rxg6 Kxg6 47. Kf4 {#r} 1-0

[Event "BCC #2"]
[Site "Boise, ID"]
[Date "2014.04.12"]
[Round "3.4"]
[White "Tatom, Gene"]
[Black "Lang, Jamie"]
[Result "1/2-1/2"]
[WhiteElo "1617"]
[BlackElo "1449"]

1. c4 Nf6 2. g3 e5 3. Bg2 Nc6 4. Nc3 Bb4 5. Nd5 Nxd5 6. cxd5 Ne7 7. e4 c6 8.
a3 Qa5 9. Rb1 Bd6 10. b4 Qb5 11. a4 Qb6 12. a5 Qc7 13. Ne2 cxd5 14. exd5 b6
15. axb6 Qxb6 16. O-O a5 17. Bb2 axb4 18. Ba1 O-O 19. d4 f6 20. dxe5 fxe5 21.
Nc3 Rxa1 22. Rxa1 bxc3 23. Qc2 Qb2 24. Ra2 Qxc2 25. Rxc2 Bb4 26. Rb1 Bc5 27.
Rf1 Bd4 28. Be4 Bb7 29. Rb1 Bxd5 30. Bxd5+ Nxd5 31. Rb7 d6 32. Kg2 Nf6 33. h3
Nd5 34. Rd7 {And the game was drawn about 4 moves later.} {#d} 1/2-1/2

[Event "BCC #2"]
[Site "Boise, ID"]
[Date "2014.04.12"]
[Round "4.4"]
[White "Lang, Jamie"]
[Black "Sanderson, Kenneth"]
[Result "0-1"]
[WhiteElo "1449"]
[BlackElo "1571"]

1. e4 c5 2. Nf3 d6 3. Bb5+ Bd7 4. Bxd7+ Qxd7 5. d4 cxd4 6. Nxd4 g6 7. O-O Bg7
8. Be3 Nc6 9. Nc3 Nf6 10. f3 O-O 11. Qd2 Nxd4 12. Bxd4 a6 13. a4 Rac8 14. a5
Rc6 15. Ne2 Qc8 16. c3 Nd7 17. Rfd1 Bxd4+ 18. Nxd4 Rc5 19. Rdc1 b5 20. axb6
Nxb6 21. b3 Qb7 22. Qd3 Ra8 23. Rc2 Nd7 24. Rca2 Ne5 25. Qe3 Qc8 26. Ne2 Qb7
27. c4 Nc6 28. Nd4 Nb4 29. Ra3 e5 30. Rxa6 Rxa6 31. Rxa6 exd4 32. Qxd4 Qxa6
33. h3 Nc2 34. Qc3 Qa1+ 35. Qxa1 Nxa1 36. Kf2 Nxb3 37. Kg3 h5 38. Kf4 Kg7 39.
g4 Kh6 40. h4 f6 {(Time Forfeit)} {#R} 0-1